Normal view
MARC view
Entry Personal Name
001 - CONTROL NUMBER
- control field: 18123
003 - CONTROL NUMBER IDENTIFIER
- control field: BD-RjUL
005 - DATE AND TIME OF LATEST TRANSACTION
- control field: 20260413102036.0
008 - FIXED-LENGTH DATA ELEMENTS
- fixed length control field: 260413|| aca||aabn | a|a d
040 ## - CATALOGING SOURCE
- Original cataloging agency: BD-RjUL
- Transcribing agency: BD-RjUL
100 ## - HEADING--PERSONAL NAME
- Personal name: মুখোপাধ্যায়, প্রণতি
670 ## - SOURCE DATA FOUND
- Source citation: Work cat.: (BD-RjUL)83223: সেন, ক্ষিতিমোহন 11951, রবীন্দ্রনাথ ও শান্তিনিকেতন /, ২০২৩